| 000 | 004990000a22001810004500 | ||
|---|---|---|---|
| 041 | 0 | _aENG | |
| 082 | 0 | 4 | _aG 231.3 S6131w |
| 100 | 1 | _aSimpson, A. B. (Albert B.) | |
| 245 | 1 | 0 | _aWalking in the Spirit / A. B. Simpson |
| 260 | _aHarrisburg, PA., USA : Christian | ||
| 300 | _a155 Pag | ||
| 650 | 1 | 4 | _aESPIRITU SANTO \ VIDA ESPIRITUAL - CRISTIANISMO |
| 001 | 3832 | ||
| 942 | _cBK | ||
| 999 |
_c34458 _d34458 |
||
| 336 |
_atexto _btxt _2rdacontent |
||
| 337 |
_2rdamedia _asin mediación _bn |
||
| 338 |
_2rdacarrier _avolumen _bnc |
||